LIBRARY & INFORMATION CENTRE, KCAET, TAVANUR

ONLINE PUBLIC ACCESS CATALOGUE (OPAC)

Normal view MARC view
  • Er. V.R Ramachandran (Guide)

Entry Personal Name

Number of records used in: 2

001 - CONTROL NUMBER

  • control field: 3894

003 - CONTROL NUMBER IDENTIFIER

  • control field: OSt

005 - DATE AND TIME OF LATEST TRANSACTION

  • control field: 20181115105553.0

008 - FIXED-LENGTH DATA ELEMENTS

  • fixed length control field: 181115|| aca||aabn | a|a d

040 ## - CATALOGING SOURCE

  • Original cataloging agency: OSt
  • Transcribing agency: OSt

100 ## - HEADING--PERSONAL NAME

  • Personal name: Er. V.R Ramachandran (Guide)

670 ## - SOURCE DATA FOUND

  • Source citation: Work cat.: (OSt)14974: ANITHA NAIR A GANESAN V SUSHAMA V SWAPNAM S 3893, Development and fabrication of power operated groundnut decorticator cum separator
free website counter